Error-correcting linear codes: Classification by isometry and applications (Record no. 140001)

MARC details
000 -LEADER
fixed length control field 00409nam a2200145Ia 4500
008 - FIXED-LENGTH DATA ELEMENTS--GENERAL INFORMATION
fixed length control field 230917s9999||||xx |||||||||||||| ||und||
040 ## - CATALOGING SOURCE
-- 114003
Original cataloging agency VIVEKANANDA LIBRARY
041 ## - Language
-- English
082 ## - DDC NUMBER
Classification number 515.35 B466E
100 ## - MAIN ENTRY--PERSONAL NAME
Personal name Betten, Anton
245 #0 - TITLE STATEMENT
Title Error-correcting linear codes: Classification by isometry and applications
260 ## - PUBLICATION, DISTRIBUTION, ETC. (IMPRINT)
Place of publication, distribution, etc New York
Name of publisher, distributor, etc Springer-Verlag
Date of publication, distribution, etc 2000
300 ## - PHYSICAL DESCRIPTION
Pages xxix, 798 p.
942 ## - ADDED ENTRY ELEMENTS (KOHA)
Koha item type Books
Holdings
Withdrawn status Lost status Damaged status Not for loan Location (home branch) Sublocation or collection (holding branch) Shelving location Date acquired Koha issues (times borrowed) Koha full call number Accession No. Koha date last seen Koha item type
        VIVEKANANDA LIBRARY VIVEKANANDA LIBRARY UIET Library 01/04/2008   515.35 B466E 243729 17/09/2023 Books
© Designed and Maintained by Vivekananda Library, MDU Rohtak